LIBRARY ONLINE CATALOGUE

Law reports containing decisions of the Court of Appeal for Eastern Africa. (Record no. 15261)

MARC details
000 -LEADER
fixed length control field 00757cam a22002052 4500
001 - CONTROL NUMBER
control field 0000020893
005 - DATE AND TIME OF LATEST TRANSACTION
control field 20151217161201.0
008 - FIXED-LENGTH DATA ELEMENTS--GENERAL INFORMATION
fixed length control field 111028s xx 000 0 eng d
040 ## - CATALOGING SOURCE
Original cataloging agency KABU
Transcribing agency KABU
245 10 - TITLE STATEMENT
Title Law reports containing decisions of the Court of Appeal for Eastern Africa.
250 ## - EDITION STATEMENT
Edition statement 1st ed.
260 ## - PUBLICATION, DISTRIBUTION, ETC. (IMPRINT)
Place of publication, distribution, etc. Nairobi :
Name of publisher, distributor, etc. E. A. L. B.,
Date of publication, distribution, etc. 1935-1937.
300 ## - PHYSICAL DESCRIPTION
Extent v.
650 #0 - SUBJECT ADDED ENTRY--TOPICAL TERM
Topical term or geographic name as entry element Law reports, digests, etc
General subdivision Periodicals.
Geographic subdivision Africa, East.
-- 0000160858
852 1# - LOCATION
-- p369 KES
852 1# - LOCATION
-- p369 KES
852 1# - LOCATION
-- p369 KES
908 ## - PUT COMMAND PARAMETER (RLIN)
Put command parameter 111028
950 ## - LOCAL HOLDINGS (RLIN)
-- 1
Holdings
Withdrawn status Lost status Source of classification or shelving scheme Not for loan Home library Current library Date acquired Total Checkouts Full call number Barcode Date last seen Price effective from Koha item type
    Library of Congress Classification Not For Loan Kabarak, Main Campus Kabarak, Main Campus 17/12/2015   KQC22 .L39 1935 v. II Pt. 1 c. 1 19687 17/12/2015 17/12/2015 Reference
    Library of Congress Classification Not For Loan Kabarak, Main Campus Kabarak, Main Campus 17/12/2015   KQC22 .L39 1935 v. II Pt. 1 c. 2 19688 17/12/2015 17/12/2015 Reference
    Library of Congress Classification Not For Loan Kabarak, Main Campus Kabarak, Main Campus 17/12/2015   KQC22 .L39 1937 v. IV Pt. 1 c. 1 19685 17/12/2015 17/12/2015 Reference